000 01034nam a2200301 i 4500
001 bg
003 BPK
005 20210310084826.0
008 971113s1988 pl a |000 0 pol
015 _aPB 5607/88
040 _aWA N
_cBPK
080 _a004
080 _a621.3.049.77
080 _a(075.8)
100 1 _aKrasiński, Wiesław.
245 1 0 _aDoświadczenia z podstaw techniki cyfrowej :
_binstrukcja dydaktyczna modułowego zestawu elementów logicznych INILOG-2 /
_cWiesław Krasiński.
260 _aWrocław :
_bWydaw. PW,
_c1988.
300 _a[2], IV, 173 s. :
_brys., wykr. ;
_c24 cm.
490 1 _aSkrypty / Politechnika Wrocławska.
504 _aBibliogr. s. 168.
650 4 _aUkład cyfrowy
655 4 _aPodręczniki akademickie
650 4 _aUkład scalony
650 4 _aUkład logiczny
830 0 _aSkrypty - Politechnika Wrocławska
942 _2udc
_cKS
856 _uhttp://koha.tu.koszalin.pl/cgi-bin/koha/opac-detail.pl?biblionumber=5564
_yKatalog online BPK
999 _c5564
_d5564